LIBRARY & INFORMATION CENTRE, KCAET, TAVANUR

ONLINE PUBLIC ACCESS CATALOGUE (OPAC)

Muttassi / (Record no. 4005)

MARC details
000 -LEADER
fixed length control field 00440cam a2200181ua 4500
041 ## - LANGUAGE CODE
Language code of text/sound track or separate title mal
082 ## - DEWEY DECIMAL CLASSIFICATION NUMBER
Classification number 894.8121
Item number BAL/MU
100 ## - MAIN ENTRY--AUTHOR NAME
Personal name Balamani Amma, .
245 ## - TITLE STATEMENT
Title Muttassi /
250 ## - EDITION STATEMENT
Edition statement 2 /
260 ## - PUBLICATION, DISTRIBUTION, ETC. (IMPRINT)
Place of publication Calicut :
Name of publisher Mathrubhumi Printing & Publishing Companty Ltd ,
Year of publication 1966.
300 ## - PHYSICAL DESCRIPTION
Number of Pages 50 ; .
942 ## - ADDED ENTRY ELEMENTS (KOHA)
Koha item type Books
Holdings
Withdrawn status Lost status Damaged status Home library Current library Date acquired Full call number Accession Number Koha item type
Withdrawn     KAUAET Central Prison Tavanur 07/04/2012 894.8121 9469 Books
free website counter